| 000 | 01476nam0a22003011 4500 | ||
|---|---|---|---|
| 001 | rc\3369868 | ||
| 005 | 20250609222159.0 | ||
| 021 |
_aRU _b[74-28363ж] |
||
| 035 | _a(NLR Aleph) 007529473 | ||
| 090 |
_a7750516 _c7750516 |
||
| 100 | _a20130115d1974 |||y0rusy50 ca | ||
| 101 | 0 | _arus | |
| 102 | _aRU | ||
| 105 | _aa z ||||| | ||
| 200 | 1 |
_aТеоретические основы регулирования рыболовства на внутренних водоемах _eНа примере оз. Ильмень _e[Сборник статей _fРед. коллегия: Л.А. Кудерский (гл. ред.) и др.] |
|
| 210 |
_aЛенинград _c[ГосНИОРХ] _d1974 |
||
| 215 |
_a145 с. _cчерт. _d27 |
||
| 225 | 1 |
_aМинистерство рыбного хозяйства РСФСР. Известия Государственного научно-исследовательского института озерного и речного рыбного хозяйства _vТ. 86 |
|
| 300 | _aРез. статей на англ. яз. | ||
| 320 | _aСписки лит. в конце статей | ||
| 606 |
_aРыбное хозяйство _yИльмень, озеро _2psbo |
||
| 606 |
_aРыболовство озерное _xБиологические основы _2psbo |
||
| 702 | 1 |
_aКудерский _bЛ.А. _4340 |
|
| 801 | 0 |
_aRU _bNLR _gpsbo |
|
| 801 | 1 |
_aRU _bELAR _2rusmarc |
|
| 852 |
_aNLR _jП13/63 |
||
| 942 | _cBOOK | ||
| 980 | _aNB | ||